Obálka Náhled e-knihy:
PDF
Pro půjčování e-knih musíte být přihlášeni.
Jak si půjčit online?

Káťa a Škubánek zase spolu /

Dalších sedm příběhů Káti a jejího neposedného pejska Škubánka, které děti znají z televizních večerníčků. Pro čtenáře okolo 5 let.

Uloženo v:
Série:Káťa a Škubánek, část 2
Hlavní autor: Lamková, Hana, 1934- (Autor)
Další autoři: Lamka, Josef, 1931-2009 (Autor), Koutná, Libuše (Autor), Walterová, Marcela, 1949- (Autor)
Médium: E-kniha
Jazyk:Czech
Vydáno: V Praze : Albatros, 2018
Vydání:2. vydání
Témata:
Příbuzné jednotky:Z cyklu:: Káťa a Škubánek
Tagy:
Žádné tagy
LEADER 02441nam a2200517 i 4500
001 310925
003 CZ PrSKC
005 20260601215656.0
007 ta
008 180830s2018 xr a b 000 j cze
015 |a cnb003022923 
020 |a 9788000051284  |q (vázáno) :  |c Kč 229,00 
035 |a (OCoLC)1065949564 
040 |a BOA001  |b cze  |e rda 
072 7 |a 821.162.3-3  |x Česká próza  |2 Konspekt 
072 7 |a 821-93  |x Literatura pro děti a mládež (beletrie)  |2 Konspekt 
080 |a 821.162.3-32  |2 MRF 
080 |a 821-93  |2 MRF 
080 |a (0:82-32)  |2 MRF 
100 1 |a Lamková, Hana,  |d 1934-  |7 jk01071444  |4 aut 
245 1 0 |a Káťa a Škubánek zase spolu /  |c Hana Lamková, Josef Lamka, Libuše Koutná 
250 |a 2. vydání 
264 1 |a V Praze :  |b Albatros,  |c 2018 
300 |a 67 stran :  |b barevné ilustrace ;  |c 27 cm 
336 |a text  |b txt  |2 rdacontent 
336 |a statický obraz  |b sti  |2 rdacontent 
337 |a bez média  |b n  |2 rdamedia 
338 |a svazek  |b nc  |2 rdacarrier 
500 |a "Podle kresleného filmu Věry Marešové ilustrovala Marcela Walterová"--Tiráž 
520 2 |a Dalších sedm příběhů Káti a jejího neposedného pejska Škubánka, které děti znají z televizních večerníčků. Pro čtenáře okolo 5 let.  |b Tentokrát zastihneme Škubánka s Káťou u filmu, při hře pexeso, s tajemným hostem. Káťa bude plést a také se "snad" přestane bát. U všeho samozřejmě nemůže chybět kocour Luciáš. 
521 8 |a Pro děti od 5 let 
655 7 |a české příběhy  |7 fd133973  |2 czenas 
655 7 |a publikace pro děti  |7 fd133156  |2 czenas 
655 9 |a Czech stories  |2 eczenas 
655 9 |a children's literature  |2 eczenas 
700 1 |a Lamka, Josef,  |d 1931-2009  |7 jk01071443  |4 aut 
700 1 |a Koutná, Libuše  |7 mzk2005318091  |4 aut 
700 1 |a Walterová, Marcela,  |d 1949-  |7 ola20040402001  |4 ill 
700 1 |a Marešová, Věra  |7 xx0072452  |4 ant 
787 0 8 |i Z cyklu:  |t Káťa a Škubánek  |g 2 
900 |a ABA001  |b 19 
928 9 |a Albatros Media - Albatros 
044 |a xr 
910 |a RBIT002 
998 |d 178992  |a https://core.palmknihy.cz/api/books/178992/cover?pd4w0r  |b https://core.palmknihy.cz/api/books/178992/cover/400?pd4w0r  |c https://core.palmknihy.cz/api/books/178992/cover/50?pd4w0r  |e 2027-12-31  |g 72  |i 9788000051284  |k https://core.palmknihy.cz/api/books/178992/preview.pdf  |l   |q 49  |r 1  |s https://www.palmknihy.cz/kniha/178992  |t ebook  |y 2018  |z 0 
999 |d 310923